<?xml version="1.0" encoding="UTF-8"?>
<collection xmlns="http://www.loc.gov/MARC21/slim">
  <record>
    <leader>00000nam  2200000   4500</leader>
    <controlfield tag="001">INLIS000000000002503</controlfield>
    <controlfield tag="005">20180724145556</controlfield>
    <controlfield tag="008">180724|||||||||   |   |||   |||| ||   | </controlfield>
    <datafield tag="035" ind1=" " ind2=" ">
      <subfield code="0">010-0718002503</subfield>
    </datafield>
    <datafield tag="041" ind1=" " ind2=" ">
      <subfield code="a">id</subfield>
    </datafield>
    <datafield tag="082" ind1=" " ind2=" ">
      <subfield code="a">R. 055</subfield>
    </datafield>
    <datafield tag="090" ind1=" " ind2=" ">
      <subfield code="a">R. 055 PIM I 2017</subfield>
    </datafield>
    <datafield tag="100" ind1=" " ind2=" ">
      <subfield code="a">Mardizal, Jonni</subfield>
    </datafield>
    <datafield tag="245" ind1=" " ind2=" ">
      <subfield code="a">Rebranding Kewirusahaan Pemuda Menuju Indonesia Berdikari</subfield>
    </datafield>
    <datafield tag="260" ind1=" " ind2=" ">
      <subfield code="a">Jakarta</subfield>
      <subfield code="b">LAN Jakarta</subfield>
      <subfield code="c">2017</subfield>
    </datafield>
    <datafield tag="300" ind1=" " ind2=" ">
      <subfield code="a">ix; 31 hlm.; Lamp.; 30 cm</subfield>
    </datafield>
    <datafield tag="500" ind1=" " ind2=" ">
      <subfield code="a">Output utama yang hendak dihasilkan selama pelaksanaan proyek perubahan ini adalah dihasilkannya Grand Design dan Road Map Pengembangan Kewirausahaan Pemuda yang diwujudkan dalam bentuk Peraturan Menteri Pemuda dan Olahraga. Sehingga kegiatan pengembangan kewirausahaan pemuda yang dilaksanakan oleh Kementerian Pemuda dan Olahraga memiliki diferensiasi (pembeda) yang jelas dengan apa yang dilakukan oleh Kementerian/Lembaga lainnya.</subfield>
    </datafield>
    <datafield tag="650" ind1=" " ind2=" ">
      <subfield code="a">Kewirausahaan</subfield>
    </datafield>
  </record>
</collection>
